Derivácie zbierka vyriešených príkladov : 600 vyriešených príkladov (2. diel)

Bibliographic Details
Main Authors: Olejár, Marián (Author), Olejárová, Iveta (Author)
Format: Book
Language:Slovak
PhysicalDescription:64 s. 15 cm
Published: Bratislava Young Scientist [1999]
ISBN:8088792274
Subjects:

MARC

LEADER 00000nam a2200000 a 4500
001 vtls001385553
003 SK-MaSNL
005 20260301101221.0
008 240314s1999 xo r 0 slo
015 |a SNBA2001/12-04097 
020 |a 8088792274 
035 |a SNK000339684 
040 |a SNK  |b slo  |c SNK  |e AACR2 
041 0 |a slo 
044 |a xo  |c SK 
080 |a 517.2(035)  |2 1981 
100 1 |a Olejár, Marián  |4 aut  |9 5568 
245 1 0 |a Derivácie  |b zbierka vyriešených príkladov : 600 vyriešených príkladov  |c Marián Olejár, Iveta Olejárová  |n (2. diel) 
246 1 0 |a Derivatives 
246 1 0 |a Ableitungen 
260 |a Bratislava  |b Young Scientist  |c [1999] 
300 |a 64 s.  |c 15 cm 
500 |a Čiast. text angl. 
650 0 7 |a derivácie  |x príručky  |2 SNK  |9 435161 
655 7 |a príručky  |2 SNK  |9 74364 
700 1 |a Olejárová, Iveta  |4 aut  |9 5567 
919 |a 80-88792-27-4 
958 |a TL 
999 |c 688608  |d 690538 
952 |t P60, <09>, [BOOK], {629}  |a SNK  |b SNK  |y NEVYP  |7 0  |o snkE 27  |i snk422/20000328  |0 0  |1 0  |4 0  |d 2000-03-24  |l 0  |r 2005-01-02 00:00:00  |w 2026-02-23 
952 |t P60, <03>, [BOOK], {603}  |a SNK  |b SNK  |y PREZ  |7 0  |p 17A0232718  |o snkSD 67780/2  |i snkKSP 3349/2000  |0 0  |1 0  |4 0  |d 2000-03-24  |l 0  |r 2005-01-02 00:00:00  |w 2026-02-23 
952 |t P60, <04>, [BOOK], {604}  |a SNK  |b SNK  |y VYP  |7 0  |p 17A0232719  |o snkSD 67780/2 D1  |i snkKSP 3350/2000  |0 0  |1 0  |4 0  |d 2000-03-24  |l 0  |r 2005-01-02 00:00:00  |w 2026-02-23